| 000 | 00799 a2200217 4500 | ||
|---|---|---|---|
| 005 | 20080908120551.0 | ||
| 008 | 080908t xxu||||| |||| 00| 0 eng d | ||
| 010 | _aENG-87613 | ||
| 020 |
_c250.00 _a0070659729 |
||
| 035 | _aEN-71146 | ||
| 037 | _bD.B.Act / Pub | ||
| 082 | _a658.3112 | ||
| 100 | _aMartin, Carole | ||
| 245 |
_aBoost your hiring IQ _cby Carole Martine |
||
| 260 |
_aNew Delhi _bTata McGraw-Hill Publishing _c2007 |
||
| 270 |
_a7, West Patel Nagar _bNew Delhi _e110008 |
||
| 300 |
_axii, 163 p. _c23 cm. (Pbk) |
||
| 500 | _aIncludes index | ||
| 942 |
_adpl _cEN _k658.3112 / MAR _2ddc _h658.3112 _mMAR |
||
| 999 |
_c6759 _d6759 |
||